Ragebait True-or-False - Statistics

General Stats
  • This quiz has been taken 36 times
  • The average score is 6 of 12
Answer Stats
Question Answer % Correct
If you sweat in a sweater, then are you the sweater? True
81%
If your drill through the Earth, eventually is it considered drilling upwards? True
77%
If everything is awesome, then is awesome ordinary/ True
73%
If English is in every subject, then is every subject English? False
69%
Swimming is flying in water True
62%
Do fish get thirsty? True
42%
Does a straw have one or two holes? 2
38%
Which orange came first the orange color or the orange? Orange
38%
If you sweat in a shirt does it count as a sweatshirt/ True
35%
If vegans argue, is it considered beef? False
31%
What is the flavor of apple juice? None of the above
23%
Ketchup is just another tomato paste False
19%
No matching quizzes found
Score Distribution
Percent of People with Each Score
Percentile by Number Answered
Your Score History
You have not taken this quiz